[Event "1er open Fide de Domloup - A "]
[Site "Domloup"]
[Date "2013.08.30"]
[Round "3.4"]
[White "Ruhlmann, Helene"]
[Black "Geffroy, Leo"]
[Result "1/2-1/2"]
[WhiteElo "1823"]
[BlackElo "1971"]
[PlyCount "141"]
[EventDate "2013.??.??"]
[EventType "swiss"]
[EventRounds "5"]
[EventCountry "FRA"]
[SourceDate "2005.09.12"]

1. d4 Nf6 2. Nf3 g6 3. c4 Bg7 4. Nc3 O-O 5. g3 d6 6. Bg2 Nbd7 7. O-O c6 8. e4
e5 9. h3 a5 10. Re1 Re8 11. Be3 Qc7 12. Rc1 Nf8 13. d5 c5 14. Nd2 Nh5 15. Kh2
Qe7 16. Ne2 f5 17. f4 exf4 18. Nxf4 Bxb2 19. Rb1 Nxf4 20. Bxf4 Qf6 21. Qb3 Be5
22. Bxe5 Rxe5 23. Qb2 Qe7 24. Re3 Nd7 25. Rbe1 Nf6 26. Qc2 Bd7 27. Nf3 Rxe4 28.
Rxe4 Nxe4 29. Nd2 Qg5 30. Bxe4 fxe4 31. Nxe4 Qf5 32. g4 Qe5+ 33. Kg2 Re8 34.
Re2 Rf8 35. Ng3 (35. Nxc5) 35... Qf4 36. Qb3 h5 37. Qe3 Qxe3 38. Rxe3 hxg4 39.
hxg4 Bxg4 40. Rb3 Rf4 41. Rxb7 Rxc4 42. Rb6 Rc2+ 43. Kf1 Rxa2 44. Rxd6 Kf7 45.
Rc6 Rc2 46. Ra6 Bf3 47. Ra7+ Kf6 48. d6 Rd2 49. Rxa5 c4 50. Rc5 Rxd6 51. Rxc4
g5 52. Ne4+ Bxe4 53. Rxe4 Kf5 54. Re2 Kg4 55. Kg2 {(=)} Rd4 56. Rf2 Rd3 57. Ra2
Rg3+ 58. Kh2 Rh3+ 59. Kg2 Rg3+ 60. Kh2 Rf3 61. Kg2 Rf4 62. Ra3 Rb4 63. Ra2 Kh4
64. Rc2 g4 65. Ra2 g3 66. Rc2 Kg4 67. Re2 Kf4 68. Ra2 Rc4 69. Rb2 Kg4 70. Rb8
Rc2+ 71. Kg1 1/2-1/2

[Event "1er open Fide de Domloup - A "]
[Site "Domloup"]
[Date "2013.08.30"]
[Round "3.5"]
[White "Seite, Sullian"]
[Black "Marie, Xavier"]
[Result "0-1"]
[WhiteElo "1551"]
[BlackElo "1826"]
[PlyCount "44"]
[EventDate "2013.??.??"]
[EventType "swiss"]
[EventRounds "5"]
[EventCountry "FRA"]
[SourceDate "2005.09.12"]

1. c4 Nf6 2. Nc3 c5 3. g3 d5 4. cxd5 Nxd5 5. Bg2 Nxc3 6. bxc3 g6 7. Nf3 Bg7 8.
O-O O-O 9. d4 Nc6 10. Bb2 Qb6 11. Ba3 cxd4 12. cxd4 Rd8 13. Bc5 Qa5 14. e3 e5
15. Nd2 exd4 16. Bxc6 Qxc5 17. Rc1 Qe7 18. Bg2 dxe3 19. fxe3 Qxe3+ 20. Rf2 Bd4
21. Ne4 f5 22. Nf6+ Bxf6 0-1

[Event "1er open Fide de Domloup - A "]
[Site "Domloup"]
[Date "2013.08.30"]
[Round "3.6"]
[White "Rault, Patrice"]
[Black "Andre, Philippe"]
[Result "0-1"]
[WhiteElo "1768"]
[BlackElo "1792"]
[PlyCount "36"]
[EventDate "2013.??.??"]
[EventType "swiss"]
[EventRounds "5"]
[EventCountry "FRA"]
[SourceDate "2005.09.12"]

1. d4 e6 2. Nf3 f5 3. Bg5 Be7 4. Bxe7 Qxe7 5. Nc3 Nf6 6. e3 O-O 7. Bd3 d5 8.
Qe2 Ne4 9. Ne5 Nd7 10. O-O c5 11. Bxe4 fxe4 12. f4 Nxe5 13. fxe5 Bd7 14. Rf4
Rxf4 15. exf4 cxd4 16. Nd1 Rc8 17. Qd2 Qc5 18. Kh1 e3 0-1

[Event "1er open Fide de Domloup - A "]
[Site "Domloup"]
[Date "2013.08.30"]
[Round "3.7"]
[White "Le Henaff, Julien"]
[Black "Lechartre, Victorien"]
[Result "0-1"]
[WhiteElo "1864"]
[BlackElo "1701"]
[PlyCount "64"]
[EventDate "2013.??.??"]
[EventType "swiss"]
[EventRounds "5"]
[EventCountry "FRA"]
[SourceDate "2005.09.12"]

1. e4 c5 2. Nc3 Nc6 3. f4 e6 4. Nf3 g6 5. Be2 Bg7 6. O-O Nge7 7. d3 d5 8. Qe1
Bd7 9. Kh1 Qc7 10. Nb5 Qb8 11. e5 Nc8 12. c3 a6 13. Na3 N6e7 14. Qf2 b6 15. d4
c4 16. b3 cxb3 17. axb3 b5 18. b4 Na7 19. Ne1 Qc7 20. Bb2 h5 21. Nd3 Nf5 22.
Nc5 Qc8 23. Nb1 Nc6 24. Nd2 Kd8 25. Ndb3 Kc7 26. Ra2 Kb6 27. Rfa1 Nb8 28. Bc1
h4 29. Qf1 Ng3+ 30. hxg3 hxg3+ 31. Kg1 Rh1+ 32. Kxh1 Qh8+ 0-1

[Event "1er open Fide de Domloup - B "]
[Site "Domloup"]
[Date "2013.08.30"]
[Round "2.1"]
[White "Joyeux, Gerard"]
[Black "Reymond, Stephane"]
[Result "1/2-1/2"]
[WhiteElo "1610"]
[BlackElo "1499"]
[PlyCount "89"]
[EventDate "2013.??.??"]
[EventType "swiss"]
[EventRounds "5"]
[EventCountry "FRA"]
[SourceDate "2005.09.12"]

1. d4 f5 2. e4 fxe4 3. Be2 Nf6 4. Bg5 g6 5. Qd2 Bg7 6. Bh6 O-O 7. Bxg7 Kxg7 8.
h4 h5 9. g4 Nxg4 10. Bxg4 hxg4 11. h5 Rh8 12. Nc3 d5 13. O-O-O gxh5 14. Qg5+
Kf7 15. Rxh5 Rxh5 16. Qxh5+ Ke6 17. Qg6+ Kd7 18. Nxd5 Nc6 19. Qxe4 Qg8 20. Ne2
b6 21. Ng3 Qg5+ 22. Kb1 Bb7 23. Nc3 Rd8 24. a3 Kc8 25. Qf5+ Qxf5 26. Nxf5 e6
27. Ne3 Rxd4 28. Rxd4 Nxd4 29. Nxg4 a6 30. Ne3 Nf5 31. Ncd1 Bf3 32. Kc1 Bxd1
33. Nxd1 Kd7 34. Kd2 Kd6 35. Kd3 c5 36. c3 b5 37. b3 Kc6 38. c4 bxc4+ 39. Kxc4
Nd6+ 40. Kd3 Nb5 41. a4 Nd6 42. f3 Nf5 43. f4 Nd4 44. b4 Nf5 45. bxc5 1/2-1/2

[Event "1er open Fide de Domloup - B "]
[Site "Domloup"]
[Date "2013.08.30"]
[Round "2.2"]
[White "Ruhlmann, Anne"]
[Black "Seite, Yamina"]
[Result "1/2-1/2"]
[WhiteElo "1460"]
[BlackElo "1600"]
[PlyCount "88"]
[EventDate "2013.??.??"]
[EventType "swiss"]
[EventRounds "5"]
[EventCountry "FRA"]
[SourceDate "2005.09.12"]

1. d4 Nf6 2. Nf3 d5 3. e3 c5 4. b3 Bg4 5. h3 Bh5 6. g4 Bg6 7. Ne5 e6 8. h4 h6
9. Nxg6 fxg6 10. Bd3 Kf7 11. Qf3 Bd6 12. Bb2 cxd4 13. exd4 Qa5+ 14. Nd2 Nc6 15.
h5 g5 16. Bg6+ Ke7 17. Bc3 Bb4 18. Bxb4+ Qxb4 19. c3 Qd6 20. O-O-O Rac8 21. Kb2
a5 22. c4 dxc4 23. Nxc4 Qf4 24. Qxf4 gxf4 25. f3 Rhd8 26. Kc3 b5 27. Nb2 Nxd4+
28. Kd3 b4 29. Nc4 Nxb3+ 30. Kc2 Nd4+ 31. Kd3 Nxf3+ 32. Ke2 Rxc4 33. Kxf3 Rcd4
34. Rc1 e5 35. Rc5 Rd2 36. Rxe5+ Kf8 37. Rxa5 Nd5 38. Re1 Ne7 39. Kxf4 Nxg6+
40. hxg6 R8d4+ 41. Ke3 R4d3+ 42. Ke4 Rd4+ 43. Ke3 R4d3+ 44. Ke4 Rd4+ 1/2-1/2

[Event "1er open Fide de Domloup - B "]
[Site "Domloup"]
[Date "2013.08.30"]
[Round "2.3"]
[White "Al Ahdab, Nasir"]
[Black "Lambert, Jerome"]
[Result "1-0"]
[WhiteElo "1499"]
[BlackElo "1260"]
[PlyCount "149"]
[EventDate "2013.??.??"]
[EventType "swiss"]
[EventRounds "5"]
[EventCountry "FRA"]
[SourceDate "2005.09.12"]

1. d4 d5 2. c4 Nf6 3. Nc3 e6 4. cxd5 exd5 5. Nf3 g6 6. Bg5 Bg7 7. e3 O-O 8. Be2
c6 9. Ne5 h6 10. Bh4 Qa5 11. O-O Qc7 12. Bg3 Qe7 13. h3 Nbd7 14. Nxd7 Bxd7 15.
Bf3 Bf5 16. Be5 Be4 17. Nxe4 Nxe4 18. Bxg7 Kxg7 19. Re1 Qh4 20. Bxe4 dxe4 21.
Qb3 b6 22. Qc3 Qf6 23. Qc2 Qe6 24. b4 f5 25. Rac1 Rac8 26. a3 g5 27. Qc3 Kh7
28. Qc4 Qg6 29. Qe2 g4 30. hxg4 Qxg4 31. Qxg4 fxg4 32. g3 b5 33. Rc5 Kg6 34.
Rd1 a6 35. d5 Rfd8 36. d6 Rd7 37. Re5 Rcd8 38. Rxe4 Rxd6 39. Rxd6+ Rxd6 40.
Rxg4+ Kh7 41. Rd4 Re6 42. Kg2 Kg6 43. Kf3 h5 44. Ke2 Kg5 45. f4+ Kg4 46. f5+
Kxf5 47. Kf3 Rf6 48. Rf4+ Kg5 49. Rxf6 Kxf6 50. Kf4 Kg6 51. Ke5 Kg5 52. Ke4 Kg4
53. Kd3 Kxg3 54. Ke2 Kg2 55. e4 h4 56. e5 h3 57. e6 h2 58. e7 h1=Q 59. e8=Q
Qf1+ 60. Kd2 Qf4+ 61. Qe3 Qf2+ 62. Qxf2+ Kxf2 63. Kd3 Kf3 64. Kd4 Ke2 65. Kc5
Kd3 66. Kxc6 Kc3 67. Kb6 Kb3 68. Kxa6 Kxa3 69. Kxb5 Kb3 70. Kc5 Ka4 71. b5 Ka5
72. Kc6 Kb4 73. b6 Ka5 74. b7 Ka6 75. b8=R 1-0

[Event "1er open Fide de Domloup - B "]
[Site "Domloup"]
[Date "2013.08.30"]
[Round "2.4"]
[White "Descormier, Natello"]
[Black "Lefevre, Pascal"]
[Result "0-1"]
[WhiteElo "1340"]
[BlackElo "1650"]
[PlyCount "30"]
[EventDate "2013.??.??"]
[EventType "swiss"]
[EventRounds "5"]
[EventCountry "FRA"]
[SourceDate "2005.09.12"]

1. e4 e5 2. Nf3 Nc6 3. d4 exd4 4. Bc4 Nf6 5. e5 d5 6. exf6 dxc4 7. O-O gxf6 8.
Re1+ Be6 9. Bf4 Qd7 10. c3 d3 11. b3 O-O-O 12. Be3 Rg8 13. Nd4 Bd5 14. bxc4 Qh3
15. g3 Qg2# 0-1

[Event "1er open Fide de Domloup - B "]
[Site "Domloup"]
[Date "2013.08.30"]
[Round "2.5"]
[White "Catherinot, Laetitia"]
[Black "Aubry, Youri"]
[Result "1-0"]
[WhiteElo "1299"]
[BlackElo "1399"]
[PlyCount "115"]
[EventDate "2013.??.??"]
[EventType "swiss"]
[EventRounds "5"]
[EventCountry "FRA"]
[SourceDate "2005.09.12"]

1. e4 c5 2. Nf3 e6 3. d3 d5 4. e5 Nc6 5. Bf4 Nge7 6. g3 Ng6 7. Qd2 Be7 8. Bg2
Qc7 9. Qe3 O-O 10. O-O f6 11. exf6 Nxf4 12. fxe7 Ne2+ 13. Qxe2 Nxe7 14. Nc3 Qb6
15. b3 Bd7 16. Ne5 Bc8 17. f4 Nf5 18. Ng4 Nd4 19. Nh6+ Kh8 20. Qe5 c4 21. Kh1
Nc6 22. Qd6 Qd8 23. Qxd8 Nxd8 24. Ng4 d4 25. Ne4 c3 26. Ne5 Rb8 27. Nd6 b6 28.
Nxc8 Rxc8 29. Rf2 Nf7 30. Nxf7+ Rxf7 31. Raf1 Rcf8 32. f5 exf5 33. Be4 g6 34.
g4 f4 35. Rf3 g5 36. Rh3 Rd8 37. Re1 Re7 38. Rh5 Rg8 39. Bxh7 Rxh7 40. Rxh7+
Kxh7 41. Re7+ Rg7 42. Rxg7+ Kxg7 43. Kg2 Kf6 44. Kf3 Ke5 45. h3 a5 46. a4 Kd5
47. h4 gxh4 48. Kxf4 Ke6 49. g5 h3 50. Kg3 Kf5 51. Kxh3 Kxg5 52. Kg3 Kf5 53.
Kf3 Ke5 54. Kg4 Kd5 55. Kf4 Kc5 56. Ke4 Kb4 57. Kxd4 Ka3 58. Kxc3 1-0

[Event "1er open Fide de Domloup - B "]
[Site "Domloup"]
[Date "2013.08.30"]
[Round "1.1"]
[White "Lefevre, Pascal"]
[Black "Ruhlmann, Anne"]
[Result "0-1"]
[WhiteElo "1650"]
[BlackElo "1460"]
[PlyCount "100"]
[EventDate "2013.??.??"]
[EventType "swiss"]
[EventRounds "5"]
[EventCountry "FRA"]
[SourceDate "2005.09.12"]

1. b4 Nf6 2. Bb2 a6 3. c4 e6 4. a3 Nc6 5. b5 axb5 6. cxb5 Ne7 7. Bxf6 gxf6 8.
Nc3 c6 9. e3 Nf5 10. Qb3 Qb6 11. Nf3 Rg8 12. Ne4 Be7 13. Ng3 Nd6 14. Nd4 f5 15.
bxc6 Qxb3 16. cxd7+ Bxd7 17. Nxb3 Ra4 18. Nc5 Ra5 19. d4 b6 20. Nxd7 Kxd7 21.
Be2 Rga8 22. a4 Rxa4 23. Rxa4 Rxa4 24. Bb5+ Nxb5 25. O-O Nc7 26. Rb1 b5 27. Ne2
Ra3 28. Kf1 b4 29. Nc1 Nd5 30. Ke1 Nc3 31. Rb2 Kc6 32. Kd2 Ne4+ 33. Ke2 Kb5 34.
f3 Nc3+ 35. Kd2 Kc4 36. Rc2 Kd5 37. Rb2 e5 38. dxe5 Ra4 39. f4 Ne4+ 40. Kd3
Ra3+ 41. Ke2 Bc5 42. Nd3 Ra4 43. Rb3 Kc4 44. Rb2 Ra3 45. Rc2+ Rc3 46. Rb2 Rxd3
47. Rc2+ Nc3+ 48. Kf3 Rxe3+ 49. Kf2 Re2+ 50. Kf1 Rxc2 0-1

[Event "1er open Fide de Domloup - B "]
[Site "Domloup"]
[Date "2013.08.30"]
[Round "1.2"]
[White "Aubry, Youri"]
[Black "Joyeux, Gerard"]
[Result "0-1"]
[WhiteElo "1399"]
[BlackElo "1610"]
[PlyCount "84"]
[EventDate "2013.??.??"]
[EventType "swiss"]
[EventRounds "5"]
[EventCountry "FRA"]
[SourceDate "2005.09.12"]

1. e4 c5 2. Nf3 a6 3. c3 e6 4. d4 cxd4 5. cxd4 Be7 6. Nc3 b5 7. a3 Bb7 8. d5
Qc7 9. e5 Bc5 10. d6 Qb6 11. Qe2 Nc6 12. b4 Bd4 13. Bb2 Bxc3+ 14. Bxc3 Nh6 15.
Rd1 Na7 16. Bd4 Qd8 17. Rc1 Bd5 18. Rc7 Nc6 19. g3 Nxd4 20. Nxd4 Bxh1 21. f3
Nf5 22. Nb3 O-O 23. g4 Nh4 24. Nd2 f5 25. g5 Ng6 26. Qe3 Nh4 27. Qf2 Qxg5 28.
Rxd7 f4 29. Bh3 Qxe5+ 30. Kf1 Nf5 31. Kg1 Rfd8 32. Rxd8+ Rxd8 33. Kxh1 Qxd6 34.
Nf1 Qd1 35. Kg1 h6 36. Qa2 Qd5 37. Qe2 Ne3 38. Kf2 e5 39. Kg1 Qd3 40. Qa2+ Kh8
41. Qb2 Nc4 42. Qf2 Qd4 0-1

[Event "1er open Fide de Domloup - B "]
[Site "Domloup"]
[Date "2013.08.30"]
[Round "1.3"]
[White "Seite, Yamina"]
[Black "Descormier, Natello"]
[Result "1-0"]
[WhiteElo "1600"]
[BlackElo "1340"]
[PlyCount "101"]
[EventDate "2013.??.??"]
[EventType "swiss"]
[EventRounds "5"]
[EventCountry "FRA"]
[SourceDate "2005.09.12"]

1. e4 e6 2. d4 d5 3. exd5 exd5 4. Bd3 Bd6 5. Ne2 Ne7 6. Nbc3 Bb4 7. a3 Bxc3+ 8.
bxc3 Bf5 9. Bxf5 Nxf5 10. Qd3 Qf6 11. Qb5+ Qc6 12. c4 O-O 13. Qxd5 Qxd5 14.
cxd5 Re8 15. c3 Nd7 16. Rb1 b6 17. Bf4 c5 18. dxc6 Nb8 19. c7 Na6 20. d5 Nc5
21. Rd1 g5 22. Bxg5 Ne4 23. Bd2 Rac8 24. Bf4 Nxc3 25. Rd2 Ne4 26. Rc2 Nf6 27.
d6 Nd4 28. Rd2 Nxe2 29. Rxe2 Rxe2+ 30. Kxe2 Re8+ 31. Kf3 Nd7 32. Rc1 Rc8 33.
Ke3 Re8+ 34. Kd4 Nc5 35. Kd5 Ne6 36. Be3 Rc8 37. Kc6 Kf8 38. Kd7 Re8 39. c8=Q
Rxc8 40. Rxc8+ Kg7 41. Ke7 Kg6 42. d7 Ng7 43. d8=Q Nf5+ 44. Kd7 Nxe3 45. Qg8+
Kf6 46. Rc6+ Ke5 47. Qg5+ Nf5 48. g4 f6 49. Qxf5+ Kd4 50. Kd6 b5 51. Qd5# 1-0

[Event "1er open Fide de Domloup - B "]
[Site "Domloup"]
[Date "2013.08.30"]
[Round "1.4"]
[White "Luis, Theo"]
[Black "Al Ahdab, Nasir"]
[Result "0-1"]
[WhiteElo "1332"]
[BlackElo "1499"]
[PlyCount "98"]
[EventDate "2013.??.??"]
[EventType "swiss"]
[EventRounds "5"]
[EventCountry "FRA"]
[SourceDate "2005.09.12"]

1. e4 e6 2. d4 d5 3. e5 c5 4. c3 Nc6 5. Nf3 Qb6 6. Bd3 Bd7 7. dxc5 Bxc5 8. O-O
f6 9. exf6 gxf6 10. b4 Bd6 11. a3 Ne5 12. Bb2 Nxd3 13. Qxd3 Bb5 14. Qd1 Bxf1
15. Qxf1 Ne7 16. Nbd2 Kf7 17. Qe2 h5 18. Re1 e5 19. c4 Qd8 20. cxd5 Nxd5 21.
Nc4 Nf4 22. Qe4 Qe7 23. Rd1 Rad8 24. Rxd6 Rxd6 25. Nxd6+ Qxd6 26. Qxb7+ Qe7 27.
Qe4 h4 28. Qf5 Rh5 29. Qg4 Qe6 30. Qxe6+ Kxe6 31. g4 hxg3 32. hxg3 Nd3 33. Bc3
Rh8 34. Ne1 Nxe1 35. Bxe1 Rc8 36. f4 e4 37. Bf2 a6 38. Be1 Rc1 39. Kf2 Ra1 40.
Ke3 Rxe1+ 41. Kd4 Kd6 42. g4 Rg1 43. g5 fxg5 44. fxg5 Rxg5 45. Kxe4 Rd5 46. Ke3
Kc6 47. Ke4 Rd1 48. Ke3 Kb5 49. Ke2 Rd8 0-1

[Event "1er open Fide de Domloup - B "]
[Site "Domloup"]
[Date "2013.08.30"]
[Round "1.5"]
[White "Reymond, Stephane"]
[Black "Catherinot, Laetitia"]
[Result "1-0"]
[WhiteElo "1499"]
[BlackElo "1299"]
[PlyCount "36"]
[EventDate "2013.??.??"]
[EventType "swiss"]
[EventRounds "5"]
[EventCountry "FRA"]
[SourceDate "2005.09.12"]

1. e4 e5 2. Nf3 Nc6 3. d4 exd4 4. Bc4 Bc5 5. c3 dxc3 6. Nxc3 Nf6 7. O-O O-O 8.
Bg5 Qe8 9. Bxf6 gxf6 10. Nd5 Qe6 11. Rc1 Qd6 12. Nh4 Ne5 13. Nf5 Nf3+ 14. Qxf3
Bxf2+ 15. Rxf2 Kh8 16. Nxd6 c5 17. Qxf6+ Kg8 18. Nxf7 h5 1-0

[Event "1er open Fide de Domloup - B "]
[Site "Domloup"]
[Date "2013.08.30"]
[Round "3.1"]
[White "Seite, Yamina"]
[Black "Al Ahdab, Nasir"]
[Result "1-0"]
[WhiteElo "1600"]
[BlackElo "1499"]
[PlyCount "67"]
[EventDate "2013.??.??"]
[EventType "swiss"]
[EventRounds "5"]
[EventCountry "FRA"]
[SourceDate "2005.09.12"]

1. e4 e6 2. d4 d5 3. exd5 exd5 4. Bd3 Nc6 5. Ne2 Bd6 6. a3 a5 7. Nbc3 Nge7 8.
Nb5 O-O 9. Nxd6 Qxd6 10. Bf4 Qd7 11. Qd2 Ng6 12. Be3 Nce7 13. f3 f5 14. h4 Nc6
15. h5 Nge7 16. Rg1 Rf6 17. O-O-O h6 18. g4 fxg4 19. fxg4 Kh8 20. g5 hxg5 21.
Bxg5 Rf2 22. Qe3 Rh2 23. h6 Nf5 24. hxg7+ Kg8 25. Qf4 Qd6 26. Rdf1 Qxf4+ 27.
Bxf4 Rh3 28. Bxc7 Be6 29. Bxf5 Bxf5 30. Rxf5 Re3 31. Bd6 Ree8 32. Rf8+ Rxf8 33.
gxf8=Q+ Kh7 34. Qg7# 1-0

[Event "1er open Fide de Domloup - B "]
[Site "Domloup"]
[Date "2013.08.30"]
[Round "3.2"]
[White "Reymond, Stephane"]
[Black "Ruhlmann, Anne"]
[Result "1/2-1/2"]
[WhiteElo "1499"]
[BlackElo "1460"]
[PlyCount "86"]
[EventDate "2013.??.??"]
[EventType "swiss"]
[EventRounds "5"]
[EventCountry "FRA"]
[SourceDate "2005.09.12"]

1. e4 c5 2. c3 e6 3. d4 d5 4. exd5 exd5 5. dxc5 Bxc5 6. Nf3 Nf6 7. Be2 O-O 8.
O-O Nc6 9. Bg5 Bg4 10. h3 Bh5 11. Nbd2 d4 12. Nxd4 Bxe2 13. Nxe2 h6 14. Bxf6
gxf6 15. Ng3 Qd3 16. Qg4+ Qg6 17. Nde4 Qxg4 18. Nxf6+ Kg7 19. Nxg4 Rad8 20.
Rad1 Kg6 21. Rfe1 f5 22. Nh2 Kf6 23. Nf3 Rg8 24. Ne2 Rxd1 25. Rxd1 Ne5 26. Nxe5
Kxe5 27. Kf1 f4 28. f3 b5 29. Rd7 Ke6 30. Rh7 Be3 31. Rxh6+ Kd5 32. Rh5+ Kc4
33. b3+ Kd3 34. Rf5 Rd8 35. Nxf4+ Kc2 36. Rd5 Re8 37. Ne2 Kb2 38. Rxb5 Rd8 39.
Nd4 Kxc3 40. Ne2+ Kc2 41. g4 Rd1+ 42. Kg2 Rd2 43. Kf1 Rd1+ 1/2-1/2

[Event "1er open Fide de Domloup - B "]
[Site "Domloup"]
[Date "2013.08.30"]
[Round "3.3"]
[White "Lefevre, Pascal"]
[Black "Joyeux, Gerard"]
[Result "1-0"]
[WhiteElo "1650"]
[BlackElo "1610"]
[PlyCount "137"]
[EventDate "2013.??.??"]
[EventType "swiss"]
[EventRounds "5"]
[EventCountry "FRA"]
[SourceDate "2005.09.12"]

1. b4 a5 2. b5 c6 3. a4 cxb5 4. axb5 e6 5. Bb2 b6 6. Nf3 Bb7 7. e3 Nf6 8. Be2
Be7 9. O-O O-O 10. Nc3 d6 11. Nd4 Nd5 12. f4 Nxc3 13. Bxc3 Nd7 14. Bf3 d5 15.
f5 e5 16. Nc6 Bxc6 17. bxc6 Nf6 18. Bxe5 Bd6 19. Bxf6 Qxf6 20. Bxd5 Bxh2+ 21.
Kf2 Bc7 22. Qf3 Rad8 23. e4 Rfe8 24. c3 Bd6 25. d4 Qg5 26. e5 Bc7 27. Kg1 Rxd5
28. Qxd5 Qe3+ 29. Rf2 Qxc3 30. Raf1 Rd8 31. Rf3 Qd2 32. Qb3 Qxd4+ 33. Qe3 Qd5
34. e6 Be5 35. exf7+ Kxf7 36. Qb3 Bd4+ 37. Kh1 Qxb3 38. Rxb3 a4 39. Rd3 Ke7 40.
c7 Rc8 41. Rxd4 Rxc7 42. Rxa4 Kf6 43. Rb4 Rb7 44. g4 Kg5 45. Kg2 h5 46. gxh5
Kxh5 47. Rfb1 Rf7 48. Rxb6 Rxf5 49. Rh1+ Kg5 50. Rf1 Rc5 51. Kg3 g6 52. Rbf6
Rc3+ 53. R1f3 Rc4 54. R6f4 Rc1 55. Rg4+ Kh6 56. Kf4 Rc4+ 57. Kg3 Rc1 58. Kf2
Rc2+ 59. Ke1 Rc1+ 60. Kd2 Ra1 61. Rf6 Ra2+ 62. Ke3 Ra3+ 63. Kf4 Ra4+ 64. Kg3
Ra3+ 65. Kh4 Ra1 66. Rfxg6+ Kh7 67. R6g5 Rh1+ 68. Kg3 Ra1 69. Rh5# 1-0

[Event "1er open Fide de Domloup - B "]
[Site "Domloup"]
[Date "2013.08.30"]
[Round "3.4"]
[White "Lambert, Jerome"]
[Black "Luis, Theo"]
[Result "1-0"]
[WhiteElo "1260"]
[BlackElo "1332"]
[PlyCount "44"]
[EventDate "2013.??.??"]
[EventType "swiss"]
[EventRounds "5"]
[EventCountry "FRA"]
[SourceDate "2005.09.12"]

1. e4 e5 2. Nf3 Nc6 3. d4 exd4 4. Nxd4 Bc5 5. c3 d5 6. Nxc6 bxc6 7. b4 Qf6 8.
Qe2 Qxc3+ 9. Nxc3 Bxb4 10. exd5+ Kd8 11. Bb2 Nf6 12. O-O-O Rb8 13. dxc6+ Bd6
14. Qd2 Bf5 15. Bd3 Be6 16. Bb5 Bxa2 17. Ba3 a6 18. Bxd6 axb5 19. Ba3+ Ke8 20.
Rhe1+ Be6 21. Nd5 Nxd5 22. Qxd5 b4 1-0

[Event "1er open Fide de Domloup - B "]
[Site "Domloup"]
[Date "2013.08.30"]
[Round "3.5"]
[White "Descormier, Natello"]
[Black "Catherinot, Laetitia"]
[Result "0-1"]
[WhiteElo "1340"]
[BlackElo "1299"]
[PlyCount "30"]
[EventDate "2013.??.??"]
[EventType "swiss"]
[EventRounds "5"]
[EventCountry "FRA"]
[SourceDate "2005.09.12"]

1. e4 e5 2. Nf3 Nc6 3. Bc4 d6 4. d4 Bg4 5. Nc3 Nxd4 6. Nxe5 dxe5 7. Qxg4 Nxc2+
8. Kf1 Nxa1 9. Qh5 Qf6 10. Nd5 O-O-O 11. Qg4+ Kb8 12. Bg5 Qc6 13. Be2 f6 14.
Be3 Bc5 15. Qxg7 Ne7 {illisible} 0-1

[Event "1er open Fide de Domloup - A "]
[Site "Domloup"]
[Date "2013.08.31"]
[Round "4.1"]
[White "Gutscher, Marc-Andre"]
[Black "Aubry, Yannis"]
[Result "0-1"]
[WhiteElo "2005"]
[BlackElo "2170"]
[PlyCount "94"]
[EventDate "2013.??.??"]
[EventType "swiss"]
[EventRounds "5"]
[EventCountry "FRA"]
[SourceDate "2005.09.12"]

1. e4 e6 2. d4 d5 3. e5 c5 4. c3 Nc6 5. Nf3 Bd7 6. a3 f6 7. Bd3 Qc7 8. O-O fxe5
9. Nxe5 Nxe5 10. Bf4 Nf6 11. Bxe5 Bd6 12. Bxf6 gxf6 13. Qh5+ Ke7 14. Nd2 Rag8
15. dxc5 Bxc5 16. Rfe1 Qf4 17. Re2 e5 18. Qf3 Qxf3 19. Nxf3 Bg4 20. Kf1 Rg7 21.
h3 Bxf3 22. gxf3 Rhg8 23. Ree1 Rg2 24. Ke2 Bxf2 25. Rf1 Bc5+ 26. Ke1 Rxb2 27.
Rb1 Rxb1+ 28. Bxb1 h5 29. Bf5 Rg2 30. Kd1 Bxa3 31. Re1 Bb2 32. Re3 b5 33. Bd3
a6 34. Bc2 Kd6 35. Bb3 a5 36. Rd3 d4 37. cxd4 exd4 38. Rd2 Rxd2+ 39. Kxd2 a4
40. Bf7 h4 41. Kd3 Kc5 42. f4 Kb4 43. Kc2 Bc3 44. Be6 Ka3 45. f5 b4 46. Bc4 b3+
47. Kb1 Kb4 0-1

[Event "1er open Fide de Domloup - A "]
[Site "Domloup"]
[Date "2013.08.31"]
[Round "4.2"]
[White "Mahe, Romain"]
[Black "Andre, Philippe"]
[Result "1/2-1/2"]
[WhiteElo "1957"]
[BlackElo "1792"]
[PlyCount "120"]
[EventDate "2013.??.??"]
[EventType "swiss"]
[EventRounds "5"]
[EventCountry "FRA"]
[SourceDate "2005.09.12"]

1. e4 e6 2. d4 d5 3. Nc3 dxe4 4. Nxe4 Be7 5. Bd3 Nf6 6. Nf3 Nbd7 7. O-O Nxe4 8.
Bxe4 Nf6 9. Bd3 O-O 10. Bg5 h6 11. Bxf6 Bxf6 12. Qe2 g6 13. Rad1 c6 14. Rfe1
Qc7 15. Ne5 b6 16. Qf3 Bg7 17. Be4 Bxe5 18. dxe5 Bb7 19. Qf6 Rad8 20. Bd3 c5
21. b3 Rd4 22. Re3 Qd8 23. Qxd8 Rfxd8 24. Rde1 a6 25. Bf1 Rd1 26. Bd3 Rxe1+ 27.
Rxe1 b5 28. Kf1 Kf8 29. Re3 Ke7 30. Rg3 Bd5 31. c4 Bc6 32. Ke2 bxc4 33. Bxc4
Bb5 34. Rc3 Rd5 35. f4 Kd7 36. Ke3 Bxc4 37. bxc4 Rd4 38. Ra3 Rxc4 39. Rxa6 Rc2
40. Ra7+ Ke8 41. a4 Rxg2 42. a5 Ra2 43. a6 Kf8 44. Ra8+ Kg7 45. a7 Ra4 {(=)}
46. Kd3 g5 47. fxg5 hxg5 48. Kc3 Kh7 49. Kb3 Ra1 50. Kc4 Ra5 51. h3 Kg7 52. Kb3
Kh7 53. Kc3 Kg7 54. Kd3 Kh7 55. Ke4 Ra4+ 56. Kf3 Kg7 57. Ke3 Kh7 58. Kd3 Kg7
59. Kc3 Kh7 60. Kb3 Ra5 1/2-1/2

[Event "1er open Fide de Domloup - A "]
[Site "Domloup"]
[Date "2013.08.31"]
[Round "4.3"]
[White "Marie, Xavier"]
[Black "Francois, Adrien"]
[Result "0-1"]
[WhiteElo "1826"]
[BlackElo "1643"]
[PlyCount "90"]
[EventDate "2013.??.??"]
[EventType "swiss"]
[EventRounds "5"]
[EventCountry "FRA"]
[SourceDate "2005.09.12"]

1. d4 Nf6 2. c4 c5 3. d5 b5 4. Nf3 e6 5. Bg5 Qa5+ 6. Qd2 Qxd2+ 7. Nbxd2 h6 8.
Bxf6 gxf6 9. e4 b4 10. Bd3 Bg7 11. O-O Bb7 12. Rfe1 O-O 13. Nb3 Na6 14. Na5
Rab8 15. Rad1 Ba8 16. Bb1 Rfd8 17. Re2 f5 18. exf5 exd5 19. cxd5 Re8 20. Red2
Nc7 21. Nc4 Nb5 22. Ne3 Nd4 23. Ne1 Re7 24. Nd3 d6 25. Nf4 Rbe8 26. Kf1 Bf6 27.
g3 Nf3 28. Re2 Bg5 29. Kg2 Nd4 30. Red2 Bxf4 31. gxf4 f6 32. Rg1 Rg7+ 33. Kf1
Rxg1+ 34. Kxg1 Nf3+ 35. Kg2 Nxd2 36. Bd3 c4 37. Bc2 Kh7 38. Ba4 Rg8+ 39. Kh3
Nf3 40. Ng4 Rf8 41. Bc6 Bxc6 42. dxc6 c3 43. bxc3 bxc3 44. Ne3 Nd4 45. c7 c2
0-1

[Event "1er open Fide de Domloup - A "]
[Site "Domloup"]
[Date "2013.08.31"]
[Round "4.4"]
[White "Durand-Le Ludec, Brendan"]
[Black "Ruhlmann, Helene"]
[Result "1-0"]
[WhiteElo "1875"]
[BlackElo "1823"]
[PlyCount "63"]
[EventDate "2013.??.??"]
[EventType "swiss"]
[EventRounds "5"]
[EventCountry "FRA"]
[SourceDate "2005.09.12"]

1. c4 e5 2. Nc3 Nf6 3. Nf3 Nc6 4. a3 a5 5. e3 d5 6. cxd5 Nxd5 7. Qc2 Be7 8. Bb5
O-O 9. Bxc6 bxc6 10. Nxe5 Bd6 11. Nf3 Re8 12. Nxd5 cxd5 13. d3 Qf6 14. Bd2 Qg6
15. Ke2 Bf5 16. Ne1 d4 17. e4 Re5 18. f3 Bd7 19. Kf2 Rc5 20. Qd1 f5 21. Kg1
fxe4 22. dxe4 Rb8 23. Nd3 Bh3 24. Qe2 Rc2 25. Rd1 Rb3 26. e5 Bc5 27. Nxc5 Rxc5
28. Rc1 d3 29. Qf2 Rxe5 30. Re1 Rxe1+ 31. Bxe1 Rb5 32. g4 1-0

[Event "1er open Fide de Domloup - A "]
[Site "Domloup"]
[Date "2013.08.31"]
[Round "4.5"]
[White "Geffroy, Leo"]
[Black "Serralta, Michel"]
[Result "1-0"]
[WhiteElo "1971"]
[BlackElo "2087"]
[PlyCount "87"]
[EventDate "2013.??.??"]
[EventType "swiss"]
[EventRounds "5"]
[EventCountry "FRA"]
[SourceDate "2005.09.12"]

1. e4 g6 2. d4 Bg7 3. Nc3 d6 4. h3 a6 5. Nf3 b5 6. Bd3 Nd7 7. Ne2 Ngf6 8. c3
O-O 9. O-O Bb7 10. Ng3 e5 11. Bg5 h6 12. Bd2 d5 13. exd5 exd4 14. d6 Nc5 15.
dxc7 Qxc7 16. Qc2 Bxf3 17. cxd4 Bxg2 18. Kxg2 Qb7+ 19. Kh2 Ne6 20. Be3 Rad8 21.
Ne2 Nd5 22. Be4 Qb8+ 23. Kh1 Ndf4 24. Nxf4 Nxf4 25. Rad1 Nxh3 26. Qb3 Nf4 27.
Rg1 g5 28. Rg4 Qc8 29. f3 Nh5 30. Bg6 Nf6 31. Rg3 Nd5 32. Be4 Nxe3 33. Qxe3
Rfe8 34. Qf2 f5 35. Bb1 f4 36. Rg4 Qc4 37. b3 Bxd4 38. Qh2 Qe2 39. Rxg5+ Bg7
40. Qxe2 hxg5 41. Rxd8 Rxd8 42. Qe6+ Kh8 43. Qg6 Kg8 44. Bf5 1-0